Plus Grandes Villes Réunion - Statistiques

Statistiques générales
  • Ce quiz a été pris 208 fois
  • Le résultat moyen est 10 sur 13
Statistiques - réponses
Ville
Population
(en milliers)
% Correct
Saint Denis 150
100%
Saint Pierre 84
98%
Saint Paul 103
90%
Le Tampon 79
81%
Saint Leu 34
80%
Saint Benoît 37
78%
Le Port 33
75%
Sainte Marie 33
74%
Saint André 56
72%
Saint Louis 53
70%
Saint Joseph 37
69%
La Possession 32
64%
Sainte Suzanne 23
63%
Aucun quiz correspondant
Distribution des résultats
% des personnes avec chaque résultat
Percentile par nombre de réponses
Votre historique - résultats
Vous n’avez pas pris ce quiz